000 00991nas a2200277 4500
001 BR8102181
003 BR-BrBNA
005 20231205084638.0
007 ta
008 230509b bl.|||p| |||| 00| 00por d
040 _aBR-BrBNA
_bpor
_cBiblioteca Nacional de Agricultura
041 _a(Pt)
072 _aF00
100 1 _aMelgaco, S.B.
100 1 _aFrancis, D.G.
100 1 _aBarros, E. de V.
100 1 _aThiebaut, J.T.L.
245 1 _aVariaveis individuais e estruturais associadas com a cultura inovadora, o milho, no Estado do Amazonas [Zea mays; Brasil]
_bParte de tese
246 1 _a[Individual and structural variables associated with the innovating crop, maize, in the state of Amazonas [Zea mays; Brazil]]
_b[Part of thesis]
650 _aProducao vegetal
650 _aMilho
650 _aAmazonas
773 0 _tRevista Ceres (Brazil)
_xISSN 0034-737X
_g(1981), v. 28 (155) p. 8-18
_wBR8102181
909 _a202311
_bLúcia
_c55
_dLúcia Elande
942 _2AGRIS
_n0
_cANA
999 _c106429
_d106429